La Calidad del empleo: la experiencia de los países latinoamericanos y de los Estados Unidos
Bewaard in:
| Hoofdauteur: | |
|---|---|
| Formaat: | Texto |
| Gepubliceerd in: |
OIT
|
| Onderwerpen: | |
| Tags: |
Voeg label toe
Geen labels, Wees de eerste die dit record labelt!
|
MARC
| LEADER | 00000 a a2200000 04500 | ||
|---|---|---|---|
| 001 | 32640 | ||
| 003 | |||
| 040 | |||
| 020 | |a 92-2-311809-3 | ||
| 090 | |a 199502 | ||
| 100 | |a ed. | ||
| 245 | |a La Calidad del empleo: la experiencia de los países latinoamericanos y de los Estados Unidos | ||
| 260 | |a OIT | ||
| 300 | |a 264 p. | ||
| 650 | |a CREACION DE EMPLEOS | ||
| 650 | |a PRODUCTIVIDAD | ||
| 650 | |a EVALUACION | ||
| 650 | |a AMERICA LATINA | ||
| 650 | |a EMPLEO | ||
| 999 | |c 16580 |d 16580 | ||



